Thompson's modern land law / (Record no. 518)
[ view plain ]
| 000 -LEADER | |
|---|---|
| fixed length control field | 00922cam a2200217 i 4500 |
| 001 - CONTROL NUMBER | |
| control field | 19554408 |
| 005 - DATE AND TIME OF LATEST TRANSACTION | |
| control field | 20241101135809.0 |
| 008 - FIXED-LENGTH DATA ELEMENTS--GENERAL INFORMATION | |
| fixed length control field | 170316s2017 enk b 001 0 eng |
| 020 ## - INTERNATIONAL STANDARD BOOK NUMBER | |
| International Standard Book Number | 9780198722830 (pbk.) |
| 050 00 - LIBRARY OF CONGRESS CALL NUMBER | |
| Classification number | KD829 |
| Item number | .T48 2017 |
| 100 1# - MAIN ENTRY--PERSONAL NAME | |
| Personal name | Thompson, M. P. |
| Fuller form of name | (Mark P.), |
| Title of a work | Modern land law |
| Relator term | author. |
| 245 10 - TITLE STATEMENT | |
| Title | Thompson's modern land law / |
| Statement of responsibility, etc. | Mark Thompson, LL. B (Leicester), LL. M (Keele) Emeritus Professor of Law and sometime Senior Pro-Vice-Chancellor, University of Leicester; Martin George, LL. B (Leicester), Ll. M (Nothingham) Associated Professor of Property Law, University of Leicester. |
| 250 ## - EDITION STATEMENT | |
| Edition statement | Sixth edition. |
| 260 ## - PUBLICATION, DISTRIBUTION, ETC. | |
| Place of publication, distribution, etc. | United Kingdom |
| Name of publisher, distributor, etc. | Oxford University Press |
| Date of publication, distribution, etc. | 2017 |
| 300 ## - PHYSICAL DESCRIPTION | |
| Extent | xlvi, 607 pages ; |
| Dimensions | 25 cm |
| 500 ## - GENERAL NOTE | |
| General note | Includes index |
| 650 #0 - SUBJECT ADDED ENTRY--TOPICAL TERM | |
| Topical term or geographic name entry element | Real property |
| Geographic subdivision | England. |
| 650 #0 - SUBJECT ADDED ENTRY--TOPICAL TERM | |
| Topical term or geographic name entry element | Real property |
| Geographic subdivision | Wales. |
| 700 1# - ADDED ENTRY--PERSONAL NAME | |
| Personal name | George, Martin |
| Titles and other words associated with a name | (Law teacher), |
| Relator term | author. |
| 942 ## - ADDED ENTRY ELEMENTS (KOHA) | |
| Source of classification or shelving scheme | Library of Congress Classification |
| Koha item type | Books |
| Suppress in OPAC | No |
| 999 ## - | |
| -- | 518 |
| -- | 518 |
| Withdrawn status | Lost status | Source of classification or shelving scheme | Damaged status | Not for loan | Collection | Home library | Current library | Shelving location | Date acquired | Total checkouts | Full call number | Barcode | Date last seen | Copy number | Price effective from | Koha item type |
|---|---|---|---|---|---|---|---|---|---|---|---|---|---|---|---|---|
| Library of Congress Classification | Non-fiction | Law Library (Miotso) | Law Library (Miotso) | General stacks | 11/01/2024 | KD829.T48 THO | LLM00000507 | 11/01/2024 | 1 | 11/01/2024 | Books |